000 01221nam a2200349 a 4500
001 24331
003 FlNmELB
005 20241216214147.0
006 m o d |
007 cr cn|||||||||
008 201208r2012 ck |||||s|||||||||||spa d
020 _z9789586487801
035 _a(OCoLC)929365201
040 _aFlNmELB
_bspa
_cFlNmELB
050 4 _aHD31
_bV225 2012
080 _a658
082 0 4 _a658.11
_222
100 1 _aVan Den Berghe Romero, Edgar.
245 1 0 _aDiseñe y gerencie su propia empresa proyectándola a los TLC
_h[recurso electronico] /
_cEdgar Van Den Berghe R.
250 _a3®. ed.
260 _aBogotá :
_bEcoe Ediciones,
_c2012.
300 _a404 p.
490 0 _aCiencias administrativas. Administración
533 _aRecurso electrónico. Santa Fe, Arg.: e-libro, 2015. Disponible vía World Wide Web. El acceso puede estar limitado para las bibliotecas afiliadas a e-libro.
650 4 _aAdministración de empresas.
650 4 _aComercio internacional.
650 4 _aIndustrial management.
650 4 _aInternational trade.
655 4 _aLibros electrónicos.
710 2 _ae-libro, Corp.
856 4 0 _uhttps://elibro.net/ereader/politecnicointernacional/96910
999 _c24331
_d24331